Did They Run for President? Quiz Stats

Quiz Updated Jun 25, 2015

Challenge
Share
Tweet
Embed
Score 0/20 Timer 04:00
0 Plays Today
Person (Y)es or (N)o % Correct
Al Gore???
94.9%
Benjamin Franklin???
88.9%
George Wallace???
82.7%
Thomas Dewey???
82.7%
Davy Crockett???
82.1%
Pat Buchanan???
81.7%
Colin Powell???
79.3%
Henry Clay???
77.5%
Adlai Stevenson???
76%
Gerald Ford???
75.8%
Person (Y)es or (N)o % Correct
Jesse Jackson???
74%
Frederick Douglass???
73.6%
Joseph McCarthy???
68%
Ted Kennedy???
67.4%
Jesse Ventura???
67.2%
Oliver Wendell Holmes, Jr.???
65.8%
Alexander Hamilton???
54.2%
Mario Cuomo???
53.8%
Daniel Webster???
52.4%
John Glenn???
40.5%

You're not logged in!

Compare scores with friends on all Sporcle quizzes.
Join for Free
OR
Log In

You Might Also Like...

Show Comments

Extras

Top Quizzes Today


Score Distribution

Your Account Isn't Verified!

In order to create a playlist on Sporcle, you need to verify the email address you used during registration. Go to your Sporcle Settings to finish the process.

Report this User

Report this user for behavior that violates our Community Guidelines.

Details: